00835nam a2200193 i 450000100060000000300090000600500170001500700030003200800410003510000330007624501710010926000600028030000320034065100620037270000360043485200320047099900170050295201220051972681ES-MaACL20230906171523.0t|040902s1966 sp ||||1| spa d1 aGoeben, Augustus von.95755210aCuatro años en España b: los carlistas, su levantamiento, su lucha y su ocaso / cAugustus von Goeben ; prólogo, traducción y notas de Luis Ruiz Hernández. aPamplona : bInstitución Príncipe de Viana, c1966. a462 p., 5 lám. ; c25 cm. 4aEspaña-xHistoria-y1833-1876, Guerras carlistas.982531 aRuiz Hernández, Luis.9100832 aES-MaACLjC-31271 bR.61779 c72681d72681 00104070aATENEOMbATENEOMcDEPO2d2008-01-17eSCl0oC-31271p1076085r2023-02-23 00:00:00w2023-02-23yMONOGRAFIA